000 00428nam a2200145Ia 4500
008 151021s9999 xx 000 0 und d
050 _aPL8702.N53 2006
245 _a_Sarufi Ya Kiswahili Uchaguzi na matumizi
260 _aNairobi Jomo Kenyatta Foundation 2006
300 _av,150 p.: ill.
500 _aIncludes Index
650 _a_Sauti Za Kiswahili
700 _a_Kimani Njogu
980 _a^d20140319 09:52:50^okorir
999 _c5648
_d5648